Figures de style - Statistiques

Statistiques générales
  • Ce quiz a été pris 29 fois
  • Le résultat moyen est 2 sur 61
Statistiques - réponses
Hint Réponse % Correct
figure de style qui consiste à rapprocher dans une phrase ou un paragraphe deux mots qui évoquent des idées contradictoires. Cette association à distance permet de jouer sur les contrastes en mettant l'accent sur une opposition. antithèse
38%
Prononciation en deux syllabes d'une séquence qui comporte deux sons formant habituellement une seule syllabe diérèse
13%
Procédé rythmique consistant à reporter sur le vers suivant un ou plusieurs mots nécessaires au sens du vers précédent. enjambement
13%
Figure de pensée qui consiste à revenir sur ce que l'on vient d'affirmer, soit pour le nuancer, l'affaiblir et même le rétracter, soit au contraire pour le réexposer avec plus d'énergie épanorthose
13%
une métonymie particulière pour laquelle la relation entre le terme donné et le terme évoqué constitue une inclusion ou une dépendance matérielle ou conceptuelle.Son vélo a crevé.(pour : la chambre à air d’un pneu de son vélo) synecdoque
13%
figure de style qui permet d'exprimer une rupture. La phrase s'arrête en chemin et prend une nouvelle direction. Il en résulte un sentiment de réalisme parfois proche de l'oralité et de ses imperfections. anacoluthe
6%
Elle consiste à reprendre le dernier mot (ou groupe de mots) d'une phrase ou d'une proposition au tout début de la phrase suivante. anadiplose
6%
Renversement de l'ordre habituel des mots. "m'ouvrir tu dois" anastrophe
6%
figure de style consistant à achever une œuvre, en général romanesque, comme on l'a commencée. épanadiplose
6%
pêche aux compliments le chleuasme
6%
procédé consistant à représenter une œuvre dans une œuvre similaire, par exemple dans les phénomènes de « film dans le film », ou encore en incrustant dans une image cette image elle-même. mise en abyme
6%
La paronomase est une figure de style qui consiste à rapprocher des paronymes (c'est-à-dire des mots aux sonorités proches) au sein d'une même phrase. paronomase
6%
figure de style par laquelle sont mentionnés des faits qui se produiront bien plus tard dans l'intrigue prolepse
6%
est une figure de style qui consiste à faire parler un mort, un animal, une chose personnifiée, une abstraction. Elle est proche de la personnification, du portrait et de l'éthopée. prosopopée
6%
Emploie les ressources de l'hyperbole mais sur un mode négatif et dans un but essentiellement satirique ou burlesque. "ça ne casse pas trois pattes à un canard" tapinose
6%
on utilise un seul verbe pour exprimer deux actions différentes en même temps, ce qui crée un effet de surprise ou d'ironie. « Elle a pris son manteau et la porte. zeugma
6%
le fait de feindre le désintérêt pour quelque chose tout en le désirant réellement accismus
0%
accumulation d'idées ou d'arguments telle qu'elle produit un discours obscur voire incohérent ou confus, défaut éventuellement aggravé par un vocabulaire abscons ou impropre amphigouri
0%
qui consiste en une répétition d'un mot ou d'une expression en lui donnant une autre signification également reçue mais toujours de sens propre. "le cœur a ses raisons que la raison ignore". antanaclase classique
0%
tournure de phrase dans laquelle un mot est utilisé une seule fois (elliptique) mais avec deux sens différents. « L'intelligence, c'est comme les parachutes, quand on n'en a pas, on s'écrase. » antanaclase elliptique
0%
consiste à équilibrer un défaut par une qualité, ou une mauvaise nouvelle par une bonne, pour atténuer le choc. « J'ai eu un accident de voiture, mais je comptais de toute façon en acheter une nouvelle. » antanagoge
0%
figure de style qui consiste en une répétition d'un même groupe de mots (ou d'un même vers) au début et à la fin d'un paragraphe (ou d'une strophe). antépiphore
0%
Le fait pour un mot ou un groupe de mots d'être placé avant un autre avec lequel il a un lien syntaxique.« Pierre le Grand était un homme grand » antéposition
0%
consiste en une contradiction ou incompatibilité entre deux idées ou deux opinions dans une même phrase ou un même texte. antilogie
0%
Figure de style consistant à remplacer un nom commun par un nom propre ou inversement. (Par exemple un Tartufe pour un hypocrite, ou l'empereur des Français pour Napoléon.) antonomase
0%
Chute d'un ou plusieurs phonèmes au début d'un mot (opposé à apocope) (ex. car pour autocar). aphérèse
0%
Chute d'un ou plusieurs phonèmes à la fin d'un mot (opposé à aphérèse) (ex. télé pour télévision). apocope
0%
Proposition principale qui, placée après une subordonnée conditionnelle (dite protase), en indique la conséquence. Exemple Si j'insiste [protase], il viendra [....].) apodose
0%
Parole, sentence mémorable, exprimée de façon concise et claire ; aphorisme, maxime. apophtegme
0%
Interruption brusque du discours, traduisant une émotion ou une hésitation aposiopèse
0%
e procédé consistant à louer par un discours donnant l'apparence du blâme, du reproche. Cet artifice permet de complimenter avec une distance de bon ton — sans servilité — voire d'instaurer une sorte de complicité tacite avec la personne à laquelle on s'adresse. « Quoi ! encore un nouveau chef-d'œuvre ! N'était-ce pas assez de ceux que vous avez déjà publiés ? Vous voulez donc désespérer tout à fait vos rivaux ? » astéisme
0%
Gradation d'hyperboles dont l'intensité sémantique ou émotive mène au paroxysme parfois jusqu'à la négation. Elle est proche de la gradation, de l'hyperbole et de l'anticlimax lorsqu'il y a contradiction dans les termes. Son antonyme est la tapinose. « C'est un roc ! ... c'est un pic ! ... c'est un cap ! Que dis-je, c'est un cap ? ... C'est une péninsule ! » auxèse
0%
Variété d'ellipse qui consiste à ne pas répéter un élément précédemment exprimé. « Mon cœur se met à battre, mon visage à rougir » brachylogie
0%
figure de style qui consiste à détourner un mot ou une expression de son sens propre en étendant sa signification : le pied d'une table, les ailes du moulin, la plume d'un stylo, les dents d'une scie. C'est « une métaphore dont l'usage est si courant qu'elle n'est plus sentie comme telle ». catachrèse
0%
la description d'un objet, méticuleuse au point de le rendre présent sous la forme choisie par l'auteur. La définition au sens le plus restreint ne s'applique qu'à une œuvre d'art ou représentation iconographique stricto sensu.1 ekphrasis
0%
figure de style qui consiste à remplacer un temps, un mode, la nature d'un mot ou une personne par un autre temps, un autre mode, une autre nature ou une autre personne. Exemple : "Hier, je marchais tranquillement dans la rue, je pensais à mon dîner, et tout à coup, le voleur surgit et me prend mon sac !"(Grammaticalement, il faudrait du passé simple : "surgit" et "prit", mais le présent rend la scène plus urgente). énallage
0%
Répétition, après un intervalle, de un ou de plusieurs mots. épanalepse
0%
en poésie lorsqu'il y a clôture d'une strophe par un proverbe épiphonème
0%
on ajoute, à une phrase qui semblait finie, un ou plusieurs membres pour développer des idées accessoires. « Demain, j'aurai fini ce travail fastidieux. Ce n'est pas trop tôt ! Je vais enfin pouvoir partir en vacances. Et c'est mérité ! » épiphrase
0%
Figure de style consistant en l'accumulation de mots brefs et expressifs, souvent employée dans les discours polémiques ou incisifs. épitrochasme
0%
Elle consiste à répéter plusieurs fois le même mot (ou la même expression) à la suite, sans aucun mot de liaison entre eux. "C'est beau, beau, beau !" épizeuxe
0%
figure de style qui consiste à brosser le portrait moral d'un personnage éthopée
0%
figure de style qui consiste à rapprocher deux ou plusieurs mots d'un même énoncé par des sonorités finales syllabiques identiques homéotéleute
0%
Elle consiste à attribuer un adjectif à un mot de la phrase... alors qu'il appartient logiquement à un autre. « Ce marchand accoudé sur son comptoir avide... »Logiquement, c'est le marchand qui est avide d'argent, pas le comptoir en bois. L'hypallage projette le défaut du personnage sur son mobilier. hypallage
0%
relation d'inclusion établie entre un terme général (....) et d'autres termes, plus spécifiques (les hyponymes). Légume qui inclut carotte est un ..... hyperonymie
0%
Procédé qui consiste à multiplier les subordonnées dans une phrase ou dans des phrases qui se suivent. hypotaxe
0%
est une figure de style consistant en une description réaliste, animée et frappante de la scène dont on veut donner une représentation imagée et comme vécue à l'instant de son expression. hypotypose
0%
consiste à présenter les termes (mots ou propositions) d’une phrase dans un ordre contraire à la chronologie ou à la logique. Le but est d'attirer l'attention sur l'idée la plus importante en la plaçant en premier. « Moriamur, et in media arma ruamus » hysteron proteron
0%
Une phrase que l'on peut entendre de plusieurs façons homophones mais qui, formant un sens différent, peut être synonyme de calembour. "Son crâne était ouvert" kakemphaton
0%
consiste à désigner un terme par un autre, beaucoup plus générique, dans l'ordre de l'hyperonymie. « truc », « machin », « chose », « bidule », « X », « schmilblick », « toutim » pantonymie
0%
Figure de rhétorique consistant à feindre de ne pas vouloir dire ce que néanmoins on dit très clairement et parfois même avec force. Synon. prétérition. paralipse
0%
figure de style qui consiste en un rapprochement excessif de syllabes identiques dans des mots successifs parechèse
0%
figure de style qui consiste en la répétition de plusieurs mots de même racine, ou encore d'un même verbe, sous différentes formes
« Madame se meurt ! Madame est morte ! »
polyptote
0%
Figure consistant à répéter une même conjonction (le plus souvent et) avant chaque mot d'une énumération, ou devant chacun des membres d'une phrase. polysyndète
0%
Description d'après ce qui apparaît extérieurement prosographie
0%
sont des échanges verbaux rapides, vifs, en prose ou en vers, généralement, qui marquent une accélération dans le dialogue. stichomythies
0%
consistant en un parallélisme syntaxique entre plusieurs parties d'une même phrase. Elle est utilisée pour renforcer le rythme et l'harmonie d'un texte. "Loin des yeux, loin du cœur" subnexion / hypozeuxe
0%
Figure de style où les mots sont repris au début et à la fin. Emploi simultané de l'épiphore (répétition de mot en fin de phrase) et de l'anaphore (répétition de mot en début de phrase). symploque
0%
Prononciation de deux voyelles même mot en une seule syllabe synérèse
0%
Elle consiste à accumuler plusieurs descriptions, métaphores ou qualités pour définir une seule et même chose, sans jamais la nommer directement (ou alors en ne la nommant qu'à la toute fin). Pour parler du temps qui passe : "Ce voleur invisible, ce maître silencieux, ce fil qui se déroule et qu'on ne peut stopper." systrophe
0%
figure de style qui consiste à détourner un mot de son sens habituel pour lui donner une nouvelle signification imagée. "cet homme est un lion" trope
0%
Aucun quiz correspondant
Distribution des résultats
% des personnes avec chaque résultat
Percentile par nombre de réponses
Votre historique - résultats
Vous n’avez pas pris ce quiz